000 00754nam a22002297a 4500
003 UA-OsUOA
001 52998
007 ta
008 20150915b un ||||| |||| 00| 0 ukr d
090 _a81'374
_bС48
942 _cBK
040 _aUA-OsUOA
_bukr
_cUA-OsUOA
_dUA-OsUOA
245 _aСловник української мови
_b8
_cПрирода-Ряхтливий
300 _a928 с.
955 _a4
041 _aukr
080 _a81'374
260 _aК.
_bНаукова думка
_c1977
650 7 _a8 Мовознавство. Художня література. Літературознавство
_2UDC
999 _c433123
_d433123